Peru's Amazonian Imaginary: marginality, territory and national integration /
Gespeichert in:
| 1. Verfasser: | |
|---|---|
| Weitere Verfasser: | |
| Format: | Text |
| Tags: |
Tag hinzufügen
Keine Tags, Fügen Sie den ersten Tag hinzu!
|
MARC
| LEADER | 00000 a a2200000 04500 | ||
|---|---|---|---|
| 001 | 47170 | ||
| 003 | |||
| 040 | |||
| 100 | |a Grillo, María Teresa | ||
| 245 | |a Peru's Amazonian Imaginary: |b marginality, territory and national integration / |c María Teresa Grillo, Tucker Sharon | ||
| 700 | |a Sharon, Tucker | ||
| 773 | |g páginas 112-128 | ||
| 999 | |c 20624 |d 20624 | ||
